000 00340nam a22001453 4500
001 206617
005 20250501120311.0
090 _a206617
100 _a20250501 ukry50
101 _aukr
102 _aUA
200 _a
210 _d2025
801 _2unimarc
_aUA
_gpsbo
942 _cNEWSPAPER